Największe miasta nad Odrą - Statystyki

Ogólne statystyki
  • Ten quiz został rozwiązany 17 razy
  • Średni wynik to 6 z 8
Statystyki odpowiedzi
Województwo/Land/Kraj Miasto % Poprawnych
Opolskie Opole
100%
Dolnośląskie Wrocław
100%
Zachodniopomorskie Szczecin
94%
Lubuskie Zielona Góra
75%
Opolskie Kędzierzyn-Koźle
69%
Brandenburgia Frankfurt nad Odrą
63%
Dolnośląskie Głogów
63%
Morawsko-śląski Ostrawa
63%
Nie znaleziono quizów pasujących do podanych kryteriów
Rozkład punktacji
Procent ludzi z każdym wynikiem
Percentyl według liczby udzielonych odpowiedzi
Twoja historia wyników
Nie rozwiązałeś tego quizu